000 00288nam a22001337a 4500
008 170630b xxu||||| |||| 00| 0 eng d
020 _a9780713165418
041 _aeng
080 _a82
100 _a22
101 _aGJL
245 _aMODERN LITERARY THEORY
_cRICE, P
942 _2udc
_cBK
999 _c19691
_d19691